K otázce projevů původní akumulace kapitálu v Čechách a na Moravě v 16. stol. /

Main Author: Válka, Josef, 1929-2017
Language: Czech
Published: Brno : Univerzita J.E. Purkyně, 1956
Physical Description: S. 103-122
Book
Saved in:
LEADER 00787nam a2200205 a 4500
001 000148988
003 CZ BrMZK
005 20161103112631.0
007 ta
008 010907s1956 xr f cze d
040 |a BOA001  |b cze  |c BOA001 
100 1 |a Válka, Josef,  |d 1929-2017  |7 jk01141309  |4 aut 
245 1 0 |a K otázce projevů původní akumulace kapitálu v Čechách a na Moravě v 16. stol. /  |c Josef Válka 
260 |a Brno :  |b Univerzita J.E. Purkyně,  |c 1956 
300 |a S. 103-122 
500 |a Souhrn rusky a německy 
500 |a Separát z: Sborník prací Filozofické fakulty brněnské univerzity, C, řada historická, č. 3, 1956 
910 |a BOA001  |b X-0831.878 
990 |a BK 
996 6 |b 2619949204  |c X-0831.878  |l MZK  |r Sklad / do 24 hodin  |n 15  |w 000148988  |u 000010  |a 1  |e BOA001  |j MZK50  |s P